Statistics for Countries that Bordered Czechoslovakia

Click here to take the quiz!

General Stats

  • This quiz has been taken 486 times
  • The average score is 5 of 6

Answer Stats

Answer% Correct
Poland
99%
Austria
97%
Hungary
96%
USSR
84%
East Germany
79%
West Germany
69%

Score Distribution

Percentile by Number Answered

Percent of People with Each Score

Your Score History

You have not taken this quiz